[Event "Championnat de la Loire 2024-2025"]
[Site "St Etienne"]
[Date "2025.03.22"]
[Round "6.1"]
[White "Movsesian, Artur"]
[Black "Bumba, Ovidiu"]
[Result "1-0"]
[WhiteElo "2092"]
[BlackElo "1953"]
[PlyCount "51"]
[EventDate "2025.??.??"]

1. f4 Nf6 2. Nf3 c5 3. g3 d5 4. Bg2 g6 5. O-O Bg7 6. d3 O-O 7. Nc3 Nc6 8. e4
dxe4 9. dxe4 e5 10. Qxd8 Rxd8 11. Nxe5 Nxe5 12. fxe5 Ng4 13. Bg5 Rd4 14. Nd5
Nxe5 15. Nf6+ Kh8 16. Ne8 f5 17. Rae1 Nc6 18. c3 Rd3 19. exf5 Bxf5 20. Bxc6
bxc6 21. g4 h6 22. Bc1 Bxg4 23. Rf7 Be5 24. Rxe5 Rd1+ 25. Kf2 Rxc1 26. Nf6 1-0

[Event "Championnat de la Loire 2024-2025"]
[Site "St Etienne"]
[Date "2025.03.22"]
[Round "6.2"]
[White "Philip, Sylvain"]
[Black "Meinsohn, Pierre"]
[Result "1-0"]
[WhiteElo "1832"]
[BlackElo "2046"]
[PlyCount "133"]
[EventDate "2025.??.??"]

1. d4 Nf6 2. Nf3 c5 3. d5 e6 4. c4 b5 5. Nc3 b4 6. Na4 exd5 7. cxd5 d6 8. e3 g6
9. Bb5+ Nbd7 10. O-O Bg7 11. e4 O-O 12. Re1 Rb8 13. Bf1 Re8 14. Qc2 Nb6 15. Bb5
Bd7 16. Bxd7 Nbxd7 17. Bf4 Qc7 18. Rac1 h6 19. h3 b3 20. axb3 Rb4 21. Nc3 Qb8
22. Nd2 Nb6 23. Ncb1 Nfxd5 24. Bg3 Ne7 25. Na3 Nc6 26. Nac4 Nd4 27. Qd3 Nxc4
28. Nxc4 Rxb3 29. Qd1 Re6 30. Rc3 Rxb2 31. Nxb2 Qxb2 32. Rc1 Qa2 33. Qd3 Qa5
34. Qc4 a6 35. Rb1 Be5 36. f4 Bf6 37. f5 gxf5 38. exf5 Rxe1+ 39. Rxe1 Qb5 40.
Qd5 Ne2+ 41. Kh2 Nxg3 42. Kxg3 Be5+ 43. Kf3 Qb4 44. Re4 Qb5 45. Rg4+ Kf8 46. f6
Qf1+ 47. Ke4 Qe2+ 48. Kf5 Qc2+ 49. Qe4 Qf2+ 50. Qf3 Qxf3+ 51. gxf3 a5 52. Rh4
Ke8 53. Rxh6 a4 54. Rh4 Bd4 55. Rh8+ Kd7 56. Ra8 Kc6 57. Rxa4 Kb5 58. Ra2 c4
59. h4 Kb4 60. h5 Kb3 61. Rg2 Be3 62. f4 c3 63. h6 d5 64. h7 d4 65. Ke4 c2 66.
Rxc2 Kxc2 67. h8=Q 1-0

[Event "Championnat de la Loire 2024-2025"]
[Site "St Etienne"]
[Date "2025.03.22"]
[Round "6.3"]
[White "Colin-Khuu, Vincent"]
[Black "Aucante Leo Tam"]
[Result "0-1"]
[WhiteElo "1872"]
[BlackElo "1823"]
[PlyCount "122"]
[EventDate "2025.??.??"]

1. e4 c5 2. Nf3 d6 3. Bb5+ Bd7 4. Bxd7+ Qxd7 5. c4 Nc6 6. d4 cxd4 7. Nxd4 g6 8.
O-O Bg7 9. Nc2 Nf6 10. Nc3 O-O 11. h3 Qe6 12. Qe2 a5 13. Re1 a4 14. Nd5 Qe5 15.
f4 Qh5 16. Nxf6+ Bxf6 17. Qxh5 gxh5 18. Rb1 Bh4 19. Re2 f5 20. Kh2 e5 21. g3
Be7 22. exf5 exf4 23. Bxf4 Rxf5 24. Ne3 Rf7 25. Nd5 Bf8 26. Rd1 Ne5 27. Bxe5
dxe5 28. Kg2 Re8 29. Re4 Bc5 30. Rd2 Ref8 31. Ree2 Bd4 32. b3 axb3 33. axb3 Rf3
34. Nf4 Rxb3 35. Nxh5 Rc8 36. Rc2 Rc3 37. Rb2 b6 38. Nf6+ Kf7 39. Ne4 R3xc4 40.
Nd6+ Ke6 41. Nxc4 Rxc4 42. Rb3 Rc1 43. Kf3 h5 44. Ke4 Rh1 45. g4 hxg4 46. hxg4
Rg1 47. Kf3 Kf6 48. Rg2 e4+ 49. Kg3 Be5+ 50. Kf2 Bd4+ 51. Kg3 Rf1 52. Rc2 Bc5
53. Ra2 (53. Rxb6+ Bxb6 54. Rc6+ {se dirige vers une nulle}) 53... Kg5 54. Ra8
Rg1+ 55. Kh3 Kf4 56. Rg8 e3 57. Rb2 Kf3 58. g5 Bd6 59. Rh2 {
sinon Th8 mène au mat} e2 60. Re8 Bxh2 61. Kxh2 e1=Q 0-1

[Event "Championnat de la Loire 2024-2025"]
[Site "St Etienne"]
[Date "2025.03.22"]
[Round "6.4"]
[White "Frey, Thierry"]
[Black "Hardy, Alain"]
[Result "1-0"]
[WhiteElo "1762"]
[BlackElo "1868"]
[PlyCount "131"]
[EventDate "2025.??.??"]

1. e4 c5 2. Nf3 d6 3. Bb5+ Bd7 4. Bxd7+ Qxd7 5. O-O Nc6 6. c3 Nf6 7. Qe2 e6 8.
d3 Be7 9. Rd1 O-O 10. Nbd2 Rfd8 11. Nf1 Qc7 12. Ng3 Rac8 13. h3 d5 14. e5 Nd7
15. d4 cxd4 16. cxd4 Nb4 17. Bf4 Qc2 18. a3 Qxe2 19. Nxe2 Nc2 20. Rac1 Rc6 21.
Bd2 Rdc8 22. Nc3 Nxa3 23. bxa3 Bxa3 24. Rb1 Rb6 25. Nb5 Be7 26. Nxa7 Ra8 27.
Rxb6 Nxb6 28. Nb5 Nc4 29. Kf1 Ra2 30. Ke1 Rb2 31. Nc3 Bb4 32. Nb1 Nxd2 33.
Nfxd2 b5 34. Rc1 h6 35. Kd1 Kh7 36. Rc2 Rxc2 37. Kxc2 Ba5 38. Nc3 b4 39. Na2
Kg6 40. Kb3 Kf5 41. Nxb4 g5 42. f3 f6 43. exf6 Kxf6 44. Ka4 Bxb4 45. Kxb4 e5
46. Kc5 Ke6 47. Nf1 h5 48. Ne3 exd4 49. Kxd4 h4 50. Nxd5 Kf5 51. Ke3 Ke5 52.
Nc3 Kf5 53. Ne4 Kg6 54. Nxg5 Kxg5 55. Ke4 Kg6 56. Kf4 Kh5 57. Kf5 Kh6 58. Kg4
Kg6 59. Kxh4 Kh6 60. f4 Kg6 61. g4 Kg7 62. Kg5 Kg8 63. Kg6 Kf8 64. f5 Kg8 65.
f6 Kf8 66. f7 1-0

[Event "Championnat de la Loire 2024-2025"]
[Site "St Etienne"]
[Date "2025.03.22"]
[Round "6.5"]
[White "Morfin, Mathis"]
[Black "Alsafadi, Jad"]
[Result "1-0"]
[WhiteElo "1771"]
[BlackElo "1778"]
[PlyCount "47"]
[EventDate "2025.??.??"]

1. e4 c5 2. Nf3 Nc6 3. d4 cxd4 4. Nxd4 Nf6 5. Nc3 d6 6. Be2 g6 7. Be3 Bg7 8.
Qd2 Bd7 9. f3 a6 10. a4 Rc8 11. Ra3 e5 12. Nxc6 Bxc6 13. O-O d5 14. Nxd5 Nxd5
15. exd5 Qxd5 16. Rd3 Qa2 17. Bc5 Qxa4 18. h4 Bf8 19. Bxf8 Kxf8 20. Qc3 Re8 21.
Rd6 a5 22. Qc5 Qc4 23. Rxc6+ Qxc5+ 24. Rxc5 1-0

[Event "Championnat de la Loire 2024-2025"]
[Site "St Etienne"]
[Date "2025.03.22"]
[Round "6.6"]
[White "Abdou, Ylyassa"]
[Black "Noel, Nicolas"]
[Result "0-1"]
[WhiteElo "1730"]
[BlackElo "1779"]
[PlyCount "108"]
[EventDate "2025.??.??"]

1. e4 e6 2. d4 d5 3. Nc3 Nf6 4. e5 Ng8 5. a3 c5 6. Nf3 Nc6 7. Be2 cxd4 8. Nb5
a6 9. Nbxd4 Nge7 10. Bd3 Ng6 11. Bxg6 hxg6 12. Qd3 Qc7 13. Bf4 Nxd4 14. Nxd4
Bd7 15. O-O Bc5 16. Rfc1 Rh4 17. Qg3 Rh5 18. c3 Be7 19. c4 dxc4 20. b3 b5 21.
a4 Rc8 22. axb5 axb5 23. bxc4 bxc4 24. Rab1 Qc5 25. Qe3 Qd5 26. Bg3 Bg5 27. f4
Be7 28. Bf2 Bc5 29. Qc3 Bxd4 30. Qxd4 Bc6 31. Qxd5 Bxd5 32. Rb5 g5 33. Be3 gxf4
34. Bxf4 Rf5 35. Bg3 Ra8 36. Rb2 Ra3 37. Re2 Kd7 38. Bf2 Kc6 39. Rb2 Rxe5 40.
Bd4 Rg5 41. g3 e5 42. Bc3 f6 43. Rf2 Rg4 44. Re2 Kc5 45. Rb2 Kc6 46. Re2 Kb5
47. Rb2+ Rb3 48. Ra2 Re4 49. Ra5+ Kc6 50. Ra6+ Rb6 51. Ra7 Re2 52. Rxg7 Rg2+
53. Kf1 Rxh2 54. Be1 Rbb2 0-1

[Event "Championnat de la Loire 2024-2025"]
[Site "St Etienne"]
[Date "2025.03.22"]
[Round "6.7"]
[White "Moulin, Aymeric"]
[Black "Hamelin, Ivan"]
[Result "0-1"]
[WhiteElo "1551"]
[BlackElo "1821"]
[PlyCount "122"]
[EventDate "2025.??.??"]

1. e4 e5 2. Nf3 Nf6 3. Nxe5 d6 4. Nf3 Nxe4 5. Nc3 Nxc3 6. dxc3 Be7 7. Bc4 c6 8.
Be3 d5 9. Bd3 Nd7 10. Qd2 O-O 11. O-O Nc5 12. Be2 Ne4 13. Qd1 Bg4 14. Nd2 Bxe2
15. Qxe2 Nxd2 16. Qxd2 Bf6 17. Bd4 Qd6 18. Rfe1 Rfe8 19. h3 h6 20. Rad1 b6 21.
Rxe8+ Rxe8 22. Re1 Re6 23. Bxf6 Rxe1+ 24. Qxe1 Qxf6 25. Qe8+ Kh7 26. Qa8 a5 27.
Qb7 b5 28. Qc7 a4 29. Qb6 a3 30. bxa3 Qxc3 31. Qc7 Qf6 32. Qg3 Qa1+ 33. Kh2
Qxa2 34. Qd3+ g6 35. Qc3 Qc4 36. Qxc4 dxc4 37. Kg3 Kg7 38. Kf4 Kf6 39. Ke4 Ke6
40. c3 c5 41. g3 f5+ 42. Ke3 Kd6 43. Kf4 g5+ 44. Ke3 (44. Kxf5 b4 45. axb4 cxb4
46. cxb4 c3) 44... Ke5 45. h4 gxh4 46. gxh4 f4+ 47. Kf3 Kf5 48. h5 Ke5 49. Ke2
Ke4 50. Kd2 Kf3 51. Ke1 Kg4 52. Ke2 Kxh5 53. Kf3 Kg5 54. Kg2 b4 55. axb4 cxb4
56. cxb4 c3 57. b5 c2 58. b6 c1=Q 59. b7 Qc6+ 60. f3 Qxb7 61. Kh3 Qxf3+ 0-1

[Event "Championnat de la Loire 2024-2025"]
[Site "St Etienne"]
[Date "2025.03.22"]
[Round "6.8"]
[White "Vier, Serge"]
[Black "Caron, Mickael"]
[Result "1/2-1/2"]
[WhiteElo "1667"]
[BlackElo "1808"]
[PlyCount "58"]
[EventDate "2025.??.??"]

1. d4 d5 2. c4 e6 3. Nc3 a6 4. cxd5 exd5 5. Nf3 Be6 6. Bf4 Nf6 7. e3 Bd6 8.
Bxd6 Qxd6 9. h3 Nbd7 10. Bd3 O-O 11. O-O c5 12. dxc5 Nxc5 13. Rc1 Rac8 14. Bb1
Rfe8 15. Qe2 $6 Qd7 16. Rfd1 Bf5 17. Bxf5 Qxf5 18. Nd4 Qg5 19. Nf3 Qh5 $6 20.
Nd4 $6 Qg6 21. Qf3 Nd3 22. Rb1 Re5 23. Nce2 Rg5 (23... h6) 24. g3 Ne5 25. Qg2
$1 Nd3 $6 26. Qf3 h5 27. Nf4 Ne5 28. Nxg6 $6 Nxf3+ 29. Nxf3 Rxg6 1/2-1/2

[Event "Championnat de la Loire 2024-2025"]
[Site "St Etienne"]
[Date "2025.03.22"]
[Round "6.9"]
[White "Bumba, Daniel"]
[Black "Hakobyan, Artur"]
[Result "1-0"]
[WhiteElo "1652"]
[BlackElo "1720"]
[PlyCount "113"]
[EventDate "2025.??.??"]

1. Nf3 d5 2. g3 Bg4 3. Bg2 Nf6 4. d3 e6 5. Nbd2 Bf5 6. O-O Bc5 7. c3 O-O 8. h3
h6 9. Nh4 Bh7 10. e4 c6 11. Re1 Qc7 12. d4 Be7 13. e5 Nfd7 14. Qg4 f5 15. Qh5
Rf7 16. Ng6 Bd8 17. Nf3 Nf8 18. Nfh4 c5 19. Nxf8 Rxf8 20. Ng6 Rf7 21. Nf4 Qd7
22. Be3 cxd4 23. Bxd4 Nc6 24. Nxd5 Ba5 (24... exd5 25. e6) 25. b4 Nxd4 26. cxd4
Bd8 27. Nf4 Rc8 (27... Qxd4 28. Nxe6 Qxb4 29. Bd5) 28. Qe2 g5 29. Nd5 Qa4 30.
a3 Qd7 31. Rac1 Rxc1 32. Rxc1 Rf8 33. Nf6+ Bxf6 34. exf6 Rxf6 35. Qe5 Rf7 36.
Qb8+ Kg7 37. Qxa7 f4 38. Qc5 f3 39. Bf1 Be4 40. Qe5+ Kg8 41. Qxe4 Rf6 42. Rc3
h5 43. Qe5 Qg7 44. Rc8+ Kh7 45. Rc7 Rf7 46. Qxg7+ Kxg7 47. Rxf7+ Kxf7 48. Bd3
h4 49. gxh4 gxh4 50. Be4 b6 51. Bxf3 Ke7 52. a4 Kd6 53. Be4 e5 54. d5 Ke7 55.
Kg2 Kf6 56. Kf3 Kg5 57. d6 1-0

[Event "Championnat de la Loire 2024-2025"]
[Site "St Etienne"]
[Date "2025.03.22"]
[Round "6.10"]
[White "Vigne, Louis"]
[Black "Valette, Thomas"]
[Result "1-0"]
[WhiteElo "1774"]
[BlackElo "1619"]
[PlyCount "123"]
[EventDate "2025.??.??"]

1. e4 d5 2. exd5 Qxd5 3. Nc3 Qa5 4. Bc4 Nf6 5. d3 c6 6. Bd2 Qc7 7. Nf3 Bf5 8.
O-O e6 9. Nh4 Bg6 10. Nxg6 hxg6 11. h3 Nbd7 12. Qe2 O-O-O 13. a4 Bc5 14. Be3
Bxe3 15. fxe3 Ne5 16. Ne4 Nxc4 17. Nxf6 gxf6 18. dxc4 f5 19. Rfd1 Qe5 20. b3
Kc7 21. Kf2 Rdg8 22. Qf3 Qc3 23. Qe2 g5 24. Qd2 Qxd2+ 25. Rxd2 g4 26. hxg4 Rxg4
27. Rad1 Rg7 28. Rd7+ Kc8 29. Re7 Rhg8 30. Rdd7 Rxg2+ 31. Kf3 R2g3+ 32. Kf4
R8g4+ 33. Ke5 Rxe3+ 34. Kf6 f4 (34... Rg6+ 35. Kxf7) 35. Rc7+ Kd8 36. Rxb7 Kc8
37. Rxa7 Kb8 38. Rxf7 f3 39. Rae7 Rf4+ 40. Kg5 Rxf7 41. Rxf7 Rc3 42. Kg4 Rxc2
43. Rxf3 Rb2 44. Kf4 Kc7 45. Ke5 Re2+ 46. Kd4 Kb6 47. Re3 Rd2+ 48. Kc3 Rd6 49.
b4 Ka6 50. c5 Rd7 51. Rxe6 Kb7 52. b5 Rc7 53. Rxc6 Rxc6 54. bxc6+ Kxc6 55. Kc4
Kc7 56. Kb5 Kb7 57. a5 Kb8 58. a6 Ka7 59. c6 Kb8 60. Kb6 Ka8 61. Kc7 Ka7 62.
Kd8 1-0

[Event "Championnat de la Loire 2024-2025"]
[Site "St Etienne"]
[Date "2025.03.22"]
[Round "6.11"]
[White "Zaouak, Fahim"]
[Black "Megnot, Philippe"]
[Result "1-0"]
[WhiteElo "1725"]
[BlackElo "1607"]
[PlyCount "135"]
[EventDate "2025.??.??"]

1. d4 d5 2. e3 Nf6 3. Bd3 g6 4. f4 c5 5. c3 Nc6 6. Nd2 Qb6 7. Ngf3 Bg7 8. O-O
O-O 9. h3 Bd7 10. Kh1 Nh5 11. Qe1 f5 12. Ne5 Rad8 13. Qh4 Nf6 14. Kh2 cxd4 15.
exd4 Rfe8 16. Ndf3 Be6 17. Ng5 Nb8 18. Be3 Rf8 19. Rab1 Bf7 20. Ngxf7 Rxf7 21.
Nxf7 Kxf7 22. g4 e6 23. Rf2 Rh8 24. Rc2 Nc6 25. b4 Ne7 26. c4 dxc4 27. Rxc4
Nfd5 28. Bf2 h5 29. g5 Nc6 30. a3 a6 31. Qg3 Bf8 32. Qf3 Bd6 33. Be3 Qc7 34. h4
Bxf4+ 35. Bxf4 Nxf4 36. Qg3 Rd8 37. Bf1 Rxd4 38. Rbc1 Qe5 39. Kh1 Qe4+ 40. Kh2
e5 41. Re1 Qd5 42. Rc2 Rd2+ 43. Rxd2 Qxd2+ 44. Kh1 e4 45. Qb3+ Ne6 46. Rd1 Qf2
47. Rd7+ Ne7 48. Bc4 Qxh4+ 49. Kg2 Qxg5+ 50. Qg3 Qxg3+ 51. Kxg3 g5 52. Rxb7 f4+
53. Kg2 g4 54. Rb6 e3 55. Rxe6 f3+ 56. Kf1 e2+ 57. Ke1 Kf8 58. Rxa6 g3 59. Bxe2
fxe2 60. Kxe2 Kg7 61. b5 h4 62. b6 Nc6 63. b7 Nb8 64. Ra8 Nc6 65. Rc8 Nb8 66.
Rxb8 h3 67. Rg8+ Kxg8 68. b8=Q+ 1-0

[Event "Championnat de la Loire 2024-2025"]
[Site "St Etienne"]
[Date "2025.03.22"]
[Round "6.12"]
[White "Boeuf, Jean-Julien"]
[Black "Grolleau, Tao"]
[Result "1/2-1/2"]
[WhiteElo "1660"]
[BlackElo "1566"]
[PlyCount "127"]
[EventDate "2025.??.??"]

1. e4 c6 2. d4 d5 3. exd5 cxd5 4. Bf4 Nc6 5. c3 Bf5 6. Nf3 Nf6 7. Bd3 Bxd3 8.
Qxd3 e6 9. Nbd2 Be7 10. h3 a6 11. a4 O-O 12. O-O Bd6 13. Bg5 Rc8 14. Qe3 Be7
15. Ne1 Na5 16. Nd3 Nc4 17. Nxc4 Rxc4 18. Ne5 Rc8 19. Nd3 Ne4 20. Bxe7 Qxe7 21.
Rfe1 Qc7 22. Ne5 Nd6 23. Qe2 Nc4 24. Nd3 a5 25. Nc5 b6 26. Nd3 Rb8 27. Ra2 Rfc8
28. Rc1 Qd7 29. b3 Nd6 30. Rac2 Nf5 31. Ne5 Qb7 32. Re1 b5 33. g4 Nd6 34. Rec1
bxa4 35. bxa4 Qb3 36. Nd7 Ra8 37. Nc5 Qc4 38. Qe1 Ne4 39. Nxe4 dxe4 40. Qxe4
Qxa4 41. c4 Qc6 42. d5 exd5 43. cxd5 Qd7 44. Qa4 Qd8 (44... Qxa4 45. Rxc8+) 45.
Qxa5 Rxc2 46. Qxd8+ Rxd8 47. Rxc2 h6 48. Rd2 Kf8 49. f4 Ke7 50. Kf2 Kd6 51. Ke3
Rc8 52. Kd4 Rc5 53. Ke4 Rc4+ 54. Rd4 Rc3 55. h4 g6 56. f5 Rh3 57. fxg6 fxg6 58.
Rc4 Rxh4 59. Rc6+ Kd7 60. Rxg6 h5 61. Kf4 hxg4 62. Kg3 Rh1 63. Kg2 Rd1 64. Rxg4
1/2-1/2

[Event "Championnat de la Loire 2024-2025"]
[Site "St Etienne"]
[Date "2025.03.22"]
[Round "6.13"]
[White "Bonaventura, Christian"]
[Black "Rios, Pedro"]
[Result "0-1"]
[WhiteElo "1654"]
[BlackElo "1700"]
[PlyCount "98"]
[EventDate "2025.??.??"]

1. d4 d6 2. c4 Nf6 3. Nf3 Bf5 4. g3 h6 5. Bg2 Nbd7 6. Nc3 e6 7. O-O Be7 8. Re1
c6 9. b4 d5 10. Qb3 Ne4 11. Bb2 Nb6 12. cxd5 exd5 13. Rad1 Nc4 14. Bc1 O-O 15.
Nxe4 Bxe4 16. Bf1 Re8 17. Qc3 b5 18. Nd2 Nxd2 19. Rxd2 Qd6 20. Bb2 Qxb4 21. a3
Qxc3 22. Bxc3 Bxa3 23. f3 Bf5 24. Ra2 b4 25. Bd2 Rac8 26. Bg2 Re7 27. e4 dxe4
28. fxe4 Bd7 29. e5 Be6 30. Raa1 Bb2 31. Bxb4 Bxd4+ 32. Kh1 Rb7 33. Ra4 Bd5 34.
Bd2 Bxg2+ 35. Kxg2 c5 36. Re4 Rb2 37. Re2 c4 38. e6 fxe6 39. Rxe6 Rxd2+ 40. Kh3
c3 41. Rd6 Bg1 42. Re6 Rxh2+ 43. Kg4 Bb6 44. Kf5 Rf2+ 45. Kg6 Rf6+ 46. Rxf6
gxf6 47. Kxf6 c2 48. Rg4+ Kf8 49. Rg7 Rc6+ 0-1

[Event "Championnat de la Loire 2024-2025"]
[Site "St Etienne"]
[Date "2025.03.22"]
[Round "6.14"]
[White "Minchilli, Franco"]
[Black "Martin, Julien"]
[Result "0-1"]
[WhiteElo "1694"]
[BlackElo "1624"]
[PlyCount "96"]
[EventDate "2025.??.??"]

1. e4 e5 2. Nf3 d6 3. c3 Nf6 4. Bc4 Bg4 (4... Nxe4 5. Qa4+ Bd7 6. Bxf7+ Kxf7 7.
Qxe4) 5. d4 Nc6 6. Qb3 d5 7. exd5 Na5 8. Qa4+ Bd7 9. Qxa5 exd4 10. Nxd4 Bd6 11.
Bg5 Qe7+ 12. Be2 O-O 13. Be3 a6 14. b4 b6 15. Qa3 Nxd5 16. Qc1 c5 17. bxc5 Bxc5
18. O-O Rfe8 19. Bf3 Nxe3 20. fxe3 Rac8 21. Qe1 Qg5 22. e4 b5 23. Kh1 Bd6 24.
Ne2 Be5 25. Qf2 b4 26. Rc1 Bb5 27. Rd1 Bxe2 28. Bxe2 bxc3 29. Nxc3 Rxc3 30.
Bxa6 Qh6 31. h3 Qxa6 32. Rd7 Qe6 33. Rad1 Rc7 34. Rd8 Rc8 35. R8d5 Qf6 36. Qe1
g6 37. a4 Ra8 38. Qb4 Qf4 39. Kg1 Qh2+ 40. Kf2 Qf4+ 41. Ke2 Bf6 42. Kd3 Red8
43. Ke2 Re8 44. Kd3 Rac8 45. Rc5 Rcd8+ 46. Rd5 Rxd5+ 47. Kc2 (47. exd5 Qxb4)
47... Rc8+ 48. Kb3 Rxd1 0-1

[Event "Championnat de la Loire 2024-2025"]
[Site "St Etienne"]
[Date "2025.03.22"]
[Round "6.15"]
[White "Libiszewski, Christian"]
[Black "Belhadj, Jeremie"]
[Result "1/2-1/2"]
[WhiteElo "1513"]
[BlackElo "1607"]
[PlyCount "93"]
[EventDate "2025.??.??"]

1. e4 e6 2. d4 d5 3. exd5 exd5 4. Nf3 Nf6 5. h3 Bd6 6. Bd3 Qe7+ 7. Be3 O-O 8.
O-O h6 9. Re1 Be6 10. Nbd2 Qd8 11. Nf1 c6 12. c3 Nbd7 13. Ng3 Bxg3 14. fxg3 Re8
15. Bc2 Ne4 16. Bf2 Nxf2 17. Kxf2 Nf6 18. Ne5 Nd7 19. Qd3 Qf6+ 20. Qf3 Qxf3+
21. Kxf3 Nxe5+ 22. Rxe5 f6 23. Re3 Kf7 24. Rae1 f5 25. h4 g5 26. hxg5 hxg5 27.
Bd1 Re7 28. Kf2 Rh8 29. b3 b6 30. Be2 Kf6 31. c4 Rh2 32. Kg1 Rh8 33. cxd5 cxd5
34. Bf3 Rhe8 35. Bh5 Rc8 36. Bd1 Rc1 37. R3e2 f4 38. gxf4 gxf4 39. Kf2 Rc3 40.
Rd2 Bf5 41. Bf3 Rxe1 42. Kxe1 Be4 43. Kf2 Bxf3 44. gxf3 Ke6 45. Ke2 Kd6 46. Rd3
Rc2+ 47. Rd2 1/2-1/2

[Event "Championnat de la Loire 2024-2025"]
[Site "St Etienne"]
[Date "2025.03.22"]
[Round "6.16"]
[White "Dussaut, Quentin"]
[Black "Choquelle, Jean"]
[Result "1-0"]
[WhiteElo "1525"]
[BlackElo "1470"]
[PlyCount "67"]
[EventDate "2025.??.??"]

1. e4 e5 2. Nf3 Nc6 3. Bc4 Bc5 4. Nc3 Nf6 5. d3 Ng4 6. O-O d6 7. h3 Nf6 8. Bg5
h6 9. Bh4 Bd7 10. Nd5 Nd4 11. Nxd4 Bxd4 12. c3 c5 13. cxd4 cxd4 14. Rc1 O-O 15.
f4 b5 16. Bb3 a5 17. f5 a4 18. Nxf6+ gxf6 19. Qg4+ Kh7 20. Bd5 (20. Bxf7 Rxf7
21. Qg6+ Kh8 22. Qxf7) 20... Rb8 21. Rf3 Qe7 22. Rg3 Rg8 23. Qh5 Qf8 24. Bxf7
Rxg3 25. Bxg3 Qg7 26. Qg6+ Kh8 27. Qxg7+ Kxg7 28. Bg6 Rh8 29. Rc7 Rc8 30. Rxd7+
Kg8 31. Bh4 Rf8 32. Be1 d5 33. Bd2 h5 34. Bh6 {
il manque des coups sur la fin de la partie} 1-0

[Event "Championnat de la Loire 2024-2025"]
[Site "St Etienne"]
[Date "2025.03.22"]
[Round "6.17"]
[White "Dequidt, Joseph"]
[Black "Trottet, Francois"]
[Result "1/2-1/2"]
[WhiteElo "1603"]
[BlackElo "1567"]
[PlyCount "206"]
[EventDate "2025.??.??"]

1. e4 c5 2. Nf3 Nc6 3. d4 cxd4 4. Nxd4 d6 5. c4 Nf6 6. Nc3 g6 7. Be2 Bg7 8. Be3
O-O 9. f3 a6 10. Qd2 Re8 11. O-O e5 12. Nxc6 bxc6 13. Rfd1 Re6 14. Rac1 Ne8 15.
b3 Qc7 16. Na4 c5 17. Nc3 Bb7 18. Nd5 Bxd5 19. Qxd5 Rd8 20. Bxc5 Qa5 21. a4 Rc8
22. Be3 Qxd5 23. cxd5 Rxc1 24. Rxc1 Re7 25. Bxa6 f5 26. Rc8 Kf7 27. Bb6 fxe4
28. fxe4 Nf6 29. Bd3 Bh6 30. a5 Nd7 31. Bf2 Nc5 32. Bc2 Na6 33. Rc6 Nb4 34. Bb6
Nxc6 35. dxc6 d5 36. c7 Re8 37. exd5 Ke7 38. Bd3 Ra8 39. Bb5 Kd6 40. Bc6 Rc8
41. a6 Rxc7 42. Bxc7+ Kxc7 43. a7 Be3+ 44. Kf1 Bxa7 45. Ke2 Kd6 46. b4 Bb6 47.
Kd3 h5 48. h3 h4 49. Ke4 Bf2 50. Be8 g5 51. Bc6 Be1 52. b5 Ba5 53. Kf5 Bb6 54.
Kxg5 e4 55. Kf4 e3 56. Kf3 Ke5 57. Ke2 Bd4 58. Kf3 Kd6 59. Ke2 Ke5 60. Kd3 Bb6
61. Ke2 Kf4 62. d6 Kg3 63. Bf3 Kf4 64. Kd3 Ke5 65. d7 Kd6 66. Bc6 Ke5 67. Ke2
Kf4 68. Bf3 Ke5 69. Bb7 Kd6 70. d8=Q+ Bxd8 71. Kxe3 Kc5 72. Bc6 Bg5+ 73. Kf3
Bd8 74. g3 hxg3 75. Kxg3 Kd6 76. Kg4 Ke7 77. h4 Kf7 78. h5 Kg7 79. Kf5 Kh6 80.
Bf3 Bb6 81. Ke4 Kg5 82. Kd5 Kh6 83. Kc6 Be3 84. b6 Bf4 85. b7 Bb8 86. Kd7 Kg7
87. Kc8 Bf4 88. b8=Q Bxb8 89. Kxb8 Kh6 90. Kc7 Kg5 91. Kd7 Kh6 92. Ke6 Kg7 93.
Kf5 Kh6 94. Be2 Kg7 95. Kg5 Kh7 96. Bd3+ Kg7 97. Be2 Kh8 98. Kf6 Kg8 99. Ke7
Kg7 100. Bd1 Kh6 101. Kf8 Kh7 102. Bb3 Kh8 103. Bf7 Kh7 {nulle1/2-1/2} 1/2-1/2

[Event "Championnat de la Loire 2024-2025"]
[Site "St Etienne"]
[Date "2025.03.22"]
[Round "6.18"]
[White "Taillepierre, Michel"]
[Black "Chaduc, Pierre-Henri"]
[Result "1-0"]
[WhiteElo "1519"]
[BlackElo "1399"]
[PlyCount "64"]
[EventDate "2025.??.??"]

1. e4 e5 2. Nf3 Nc6 3. Bc4 Nf6 4. d3 d6 5. c3 Be7 6. O-O d5 7. exd5 Nxd5 8. Re1
Bf6 9. d4 Qd6 10. dxe5 Nxe5 11. Qxd5 Be6 12. Qxd6 cxd6 13. Nxe5 Bxe5 14. Bxe6
fxe6 15. f4 Bf6 16. Rxe6+ Kd7 17. Re2 Rhe8 18. Kf2 Rf8 19. Ke1 b5 20. Be3 d5
21. Bd4 Bd8 22. g3 g6 23. Nd2 a5 24. Nb3 Be7 25. Nc5+ Bxc5 26. Bxc5 Rf7 27. Kd2
Kc6 28. b4 Rd7 29. Rae1 axb4 30. cxb4 d4 31. Re6+ Kd5 32. R6e5+ Kc4 {
certains coups sont impossibles} 1-0